| 000 | 00512nam a2200169 i 4500 | ||
|---|---|---|---|
| 001 | 26636 | ||
| 003 | ES-MaACL | ||
| 005 | 20230906153457.0 | ||
| 007 | t| | ||
| 008 | 030110s1969 an ||||1| spa d | ||
| 100 | 1 |
_aArtom, Guido. _923501 |
|
| 245 | 1 | 0 |
_aNapoleón ha muerto en Rusia _b: novela / _cGuido Artom ; [traducción Mercedes Lloret Compte]. |
| 260 |
_aAndorra : _bAndorra, _c[1969] |
||
| 300 |
_a287 p. ; _c18 cm. |
||
| 700 | 1 |
_aLloret Compte, Mercedes. _972922 |
|
| 852 |
_aES-MaACL _jC-39981 _bR.72170 |
||
| 999 |
_c26636 _d26636 |
||